00727nam a2200229 a 4500001001300000003000900013005001700022008004100039020002300080082001300103100002200116245008700138260004000225300000900265500003500274505002800309650001400337902000800351942000700359952011400366999001700480nice12345678IN_TiNIC20260116014136.0090106s2007 newa grp 000 0 eng  a8125033866 c57500a330bMEH aMehrotra, Santosh aEliminating Human Povertyb Macroeconomic and Social Policies for Equitable Growth aNew Delhi bOrient Blackswan c2007 a432p aincludes index and biblioraphy2 anotes, references,index aEconomics bSRS cBK 001040708StackRoom-aHMIbHMId2009-01-06g575.00l0o330 MEHp022557r2009-01-06v575.00w2009-01-06yBK c14059d14059